[Event "38th Olympiad w"]
[Site "Dresden GER"]
[Date "2008.11.13"]
[Round "1"]
[White "Bulmaga,I"]
[Black "Leconte,M"]
[Result "1/2-1/2"]
[WhiteElo "2287"]
[BlackElo "2349"]

1.e4 e6 2.d4 d5 3.Nd2 Nc6 4.Ngf3 Nf6 5.e5 Nd7 6.Nb3 a5 7.a4 Be7 8.Bb5 Na7
9.Bxd7+ Qxd7 10.Bg5 b6 11.O-O h6 12.Bxe7 Qxe7 13.Qd2 Bd7 14.Nc1 O-O 15.Nd3 Rfc8
16.h3 Qd8 17.Qe3 Nc6 18.c3 Ne7 19.g4 Ng6 20.Nh2 c5 21.dxc5 bxc5 22.f4 d4
23.cxd4 cxd4 24.Qxd4 Qh4 25.Qe3 Ne7 26.Qe1 Qxe1 27.Rfxe1 Rc4 28.b3 Rc3 29.Red1 Bc6
30.Nf1 Rb8 31.b4 axb4 32.a5 b3 33.a6 b2 34.a7 Ra8 35.Nxb2 Rb3 36.Rd2 Rb7
37.Ne3 Rbxa7 38.Rxa7 Rxa7 39.Rd8+ Kh7 40.Nbc4 Rd7 41.Rxd7 Bxd7 42.Kf2 g5
43.Nb6 Bb5 44.f5 exf5 45.gxf5 Bd3 46.e6 Bxf5 47.exf7 Kg7 48.Nbd5 Nxd5 49.Nxf5+ Kxf7
50.Nxh6+  1/2-1/2

[Event "38th Olympiad w"]
[Site "Dresden GER"]
[Date "2008.11.13"]
[Round "1"]
[White "Mijovic,A"]
[Black "Abrahamyan,T"]
[Result "1/2-1/2"]
[WhiteElo "2176"]
[BlackElo "2286"]

1.e4 e6 2.d4 d5 3.Nd2 Be7 4.c3 c5 5.exd5 Qxd5 6.Ngf3 cxd4 7.Bc4 Qd8 8.Nxd4 Nf6
9.O-O O-O 10.Re1 a6 11.Qf3 Qc7 12.Bd3 Nc6 13.Nxc6 Qxc6 14.Ne4 Nxe4 15.Bxe4 Qb6
16.b3 f5 17.Bd3 Bf6 18.Bc4 Kh8 19.Ba3 Re8 20.Rad1 e5 21.Rd6 Qc7 22.Qd5 e4
23.Qf7 Qxf7 24.Bxf7 Rd8 25.Rxd8+ Bxd8 26.g4 Bf6 27.gxf5 Bxf5 28.Bd5 Bxc3
29.Rc1 Bd2 30.Rc7 Rd8 31.Bxb7 Bf4 32.Rf7 Bh3 33.Rf8+ Rxf8 34.Bxf8 a5 35.Bxe4 Kg8
36.Bc5 Kf7 37.Bb6 Bd2 38.f3 g6 39.Kf2 Ke6 40.Ke2 Bb4 41.a3 Bxa3 42.Bxa5 Bd6
43.b4 Bxh2 44.b5 Bf5 45.Ke3 Bxe4 46.Kxe4 Bb8 47.Bd2 h5 48.f4 h4 49.Be1 h3
50.Bg3 Ba7 51.Bh2 Bb6 52.Kf3 Kd5 53.Kg4 Kc4 54.Kg5 Kxb5 55.Kxg6 Bc7 56.Kg5 Bxf4+
57.Bxf4  1/2-1/2

[Event "38th Olympiad w"]
[Site "Dresden GER"]
[Date "2008.11.14"]
[Round "2"]
[White "Llaneza Vega,P"]
[Black "Rudolf,An"]
[Result "0-1"]
[WhiteElo "2246"]
[BlackElo "2318"]

1.e4 e6 2.d4 d5 3.Nd2 Be7 4.c3 c5 5.dxc5 Bxc5 6.Bd3 Nf6 7.Qe2 Nc6 8.e5 Nd7
9.Ngf3 Be7 10.Nb3 O-O 11.Nbd4 Nxd4 12.Nxd4 Qc7 13.Bf4 b6 14.Nb5 Qc6 15.O-O Nc5
16.Bc2 a5 17.Rfe1 Ba6 18.Nd4 Qd7 19.Qe3 a4 20.Qh3 g6 21.Re3 f5 22.exf6 Bxf6
23.Nxe6 Nxe6 24.Qxe6+ Qxe6 25.Rxe6 a3 26.Bh6 axb2 27.Rb1 Bxc3 28.Bxf8 Kxf8
29.Rxb6 Bc4 30.a4 d4 31.Be4 Rxa4 32.g3 Ra1 33.Kg2 Bd5 34.Bxd5 Rxb1 35.Be4 Rd1
36.Bc2 Rd2 37.Bb1 d3 38.Rd6 Rd1 39.Ba2 Ra1  0-1

[Event "38th Olympiad w"]
[Site "Dresden GER"]
[Date "2008.11.14"]
[Round "2"]
[White "Paridar,S"]
[Black "Zhukova,N"]
[Result "0-1"]
[WhiteElo "2248"]
[BlackElo "2488"]

1.e4 e6 2.d4 d5 3.Nd2 a6 4.Bd3 c5 5.c3 Nc6 6.Ngf3 Nf6 7.O-O cxd4 8.cxd4 dxe4
9.Nxe4 Be7 10.a3 O-O 11.Be3 Nd5 12.Qe2 b6 13.Rfe1 Bb7 14.Rad1 Qc7 15.Neg5 g6
16.Nh3 Bf6 17.Bh6 Rfe8 18.Bb1 Bg7 19.Bxg7 Kxg7 20.Ne5 f6 21.Nc4 Rad8 22.Qg4 Bc8
23.Qf3 Bb7 24.Qg4 b5 25.Ne3 Nxe3 26.fxe3 e5 27.d5 Na5 28.e4 Nc4 29.Qe2 Nd6
30.Rf1 Bc8 31.Qf3 Rf8 32.Qg3 b4 33.Nf2 Qb6 34.Rc1 a5 35.Rfd1 Bd7 36.Kh1 Rc8
37.Rxc8 Rxc8 38.Ng4 Qd4 39.Qf3 Bxg4 40.Qxg4 f5 41.Qe2 Nxe4 42.Bxe4 Qxe4 43.Qf1 Rc4
44.h3 Rd4 45.d6 bxa3 46.bxa3 Qd5 47.Rxd4 exd4 48.Qa6 Kf6 49.Qa7 Qxd6 50.Qxa5 d3
51.Qc3+ Kf7 52.Qb3+ Kf8 53.Qc3 d2 54.Qh8+ Kf7 55.Qxh7+ Kf6 56.Qh8+ Kg5 57.h4+ Kg4  0-1

[Event "38th Olympiad"]
[Site "Dresden GER"]
[Date "2008.11.15"]
[Round "3"]
[White "Al Qudaimi,B"]
[Black "Vavrak,P"]
[Result "0-1"]
[WhiteElo "2464"]
[BlackElo "2478"]

1.e4 e6 2.d4 d5 3.Nd2 Be7 4.Bd3 c5 5.exd5 Qxd5 6.Ngf3 cxd4 7.Bc4 Qd6 8.O-O Nf6
9.Nb3 e5 10.Qe2 Nc6 11.Bb5 e4 12.Nfxd4 O-O 13.Nxc6 bxc6 14.Bc4 Ng4 15.g3 Qg6
16.f4 h5 17.h3 Nh6 18.Qg2 Re8 19.Re1 Bd6 20.Kh2 Nf5 21.Bd3 Bb7 22.Bc4 e3
23.Bd3 Rab8 24.Bxe3 c5 25.Qf2 c4 26.Bxf5 Qxf5 27.Nd4 Qd5 28.Rad1 h4 29.Nf3 Qxf3
30.Qxf3 Bxf3 31.Rxd6 Rxb2 32.gxh4 Rxc2+ 33.Kg1 Rxa2 34.Rd2 Rxd2 35.Bxd2 Rd8
36.Ba5 Rd5 37.Bc3 Rd3 38.Ba5 Ra3 39.Re8+ Kh7 40.Bb4 Rb3 41.Ba5 Ra3 42.Bb4 Rb3
43.Ba5 Bd5 44.Re5 Rd3 45.Rh5+ Kg8 46.Re5 a6 47.f5 f6 48.Re8+ Kf7 49.Rd8 Be4
50.Rc8 Rg3+ 51.Kf2 Rf3+ 52.Ke1 Rxf5 53.Rc7+ Kg8 54.Bc3 Bd3 55.Ra7 Rf3 56.Ra8+ Kh7
57.Rxa6 Rxh3 58.Ra7 Rh1+ 59.Kd2 Kh6  0-1

[Event "38th Olympiad"]
[Site "Dresden GER"]
[Date "2008.11.15"]
[Round "3"]
[White "Cave,C"]
[Black "Lehtinen,H"]
[Result "0-1"]
[WhiteElo "2250"]
[BlackElo "2381"]

1.e4 e6 2.d4 d5 3.Nd2 Nc6 4.c3 Nf6 5.e5 Nd7 6.Bd3 f5 7.Ne2 Qe7 8.Nf3 Qf7
9.h4 Nb6 10.Ng5 Qg8 11.Nf4 Bd7 12.a4 a5 13.Bb5 O-O-O 14.Qe2 Re8 15.Be3 Kb8
16.Nd3 Be7 17.Rb1 Qf8 18.Nc5 f4 19.Nxd7+ Nxd7 20.Nxe6 Qf5 21.Bd3 Qxe6 22.Bxf4 Nb6
23.Be3 Ref8 24.b3 h5 25.Kd2 Rf7 26.f4 g6 27.Rbg1 Bd8 28.Bc2 Nc8 29.Qb5 N8a7
30.Qd3 Ne7 31.g3 Nf5 32.Bf2 Be7 33.Bd1 Nh6 34.Bf3 Rd8 35.Kc2 Qf5 36.Be1 Ng4
37.Kd2 c5 38.Qxf5 gxf5 39.Bxg4 hxg4 40.Bf2 b6 41.Kd3 Nc6 42.Rg2 Kc7 43.h5 Rh8
44.h6 Bf8 45.dxc5 bxc5 46.Rh5 Nd8 47.Rgh2 Rhh7 48.Rg5 Rxh6 49.Rxh6 Bxh6 50.Rg6 Bf8
51.e6 Rh7 52.Rf6 Be7 53.Rxf5 Kd6 54.c4 d4 55.Be1 Kxe6 56.Ke4 Nc6 57.Rd5 Rh2
58.Kd3 Rb2 59.Rh5 Rxb3+ 60.Kc2 Re3 61.Rh6+ Bf6 62.Kd1 Ra3 63.Rh5 Be7 64.Rh6+ Kd7
65.Rg6 Rxa4 66.Rxg4 Rxc4 67.Rg8 Ra4 68.g4 Ra1+ 69.Kd2 c4 70.Rg7 c3+ 71.Ke2 c2
72.Bd2 c1=Q 73.Bxc1 Rxc1 74.f5 Kd6 75.g5 Ne5 76.f6 Bf8 77.Rg8 d3+ 78.Ke3 Re1+
79.Kd2 Re2+ 80.Kc1 Nd7 81.Rh8 Ke6 82.Rh3 Ba3+  0-1

[Event "38th Olympiad"]
[Site "Dresden GER"]
[Date "2008.11.16"]
[Round "4"]
[White "Kulaots,K"]
[Black "Drasko,M"]
[Result "1/2-1/2"]
[WhiteElo "2556"]
[BlackElo "2537"]

1.e4 e6 2.d4 d5 3.Nd2 Be7 4.Bd3 c5 5.dxc5 Nf6 6.Qe2 Nc6 7.Ngf3 a5 8.a4 Nb4
9.O-O Nxd3 10.cxd3 Bxc5 11.Nb3 Be7 12.Bg5 h6 13.Bh4 Qb6 14.Nbd4 Bd7 15.e5 Ng8
16.Bxe7 Nxe7 17.Qe3 Ra6 18.h4 Nf5 19.Nxf5 exf5 20.Nd4 O-O 21.Rfc1 Qd8 22.h5 Rb6
23.Rc5 Be6 24.Rb5 Rxb5 25.axb5 Re8 26.Qf4 Qb6 27.Rc1 Rc8 28.Rxc8+ Bxc8 29.Nxf5 Bxf5
30.Qxf5 Qxb5 31.Qc8+ Kh7 32.Qf5+  1/2-1/2

[Event "38th Olympiad"]
[Site "Dresden GER"]
[Date "2008.11.17"]
[Round "5"]
[White "Adams,Mi"]
[Black "Caruana,F"]
[Result "0-1"]
[WhiteElo "2734"]
[BlackElo "2640"]

1.e4 e6 2.d4 d5 3.Nd2 Be7 4.Ngf3 Nf6 5.e5 Nfd7 6.Bd3 c5 7.c3 b6 8.Qe2 a5
9.a4 Ba6 10.Bxa6 Nxa6 11.O-O Nc7 12.Re1 Nb8 13.Nb3 Nc6 14.Be3 c4 15.Nc1 b5
16.axb5 Nxb5 17.Qc2 Nba7 18.g3 Nc8 19.h4 h6 20.Ne2 Nb6 21.h5 a4 22.Nh2 Kd7
23.f4 Kc7 24.f5 Bg5 25.Nf4 Ne7 26.fxe6 Bxf4 27.Bxf4 fxe6 28.Rf1 Qd7 29.Rf2 Raf8
30.Raf1 Qe8 31.Qe2 Rf5 32.g4 Rf7 33.Bc1 Rhf8 34.Nf3 Nd7 35.Qc2 Nb6 36.Kg2 Qb5
37.Nh4 Qb3 38.Qh7 Rxf2+ 39.Rxf2 Rxf2+ 40.Kxf2 Kd7 41.Nf3 a3 42.bxa3 Na4 43.Bd2 Nxc3
44.Bxc3 Qxc3 45.Qb1 Kc7 46.a4 Nc6 47.Qg6 Qb2+ 48.Kg3 c3 49.Ne1 Qe2 50.Nc2 Kb6
51.a5+ Kxa5 52.Qxe6 Qd3+ 53.Kf4 Qe4+ 54.Kg3 Qd3+ 55.Kf4 Qxc2 56.Qxd5+ Kb4
57.Qc5+ Kb3 58.Qd5+ Kb2 59.Qb5+ Qb3 60.Qxc6 c2 61.Qg2 Qb4 62.Kf5 Qxd4 63.Qe2 Kc3
64.Qe1+ Qd2  0-1

[Event "38th Olympiad w"]
[Site "Dresden GER"]
[Date "2008.11.20"]
[Round "7"]
[White "Munoz,Ca"]
[Black "Cua,Sherc"]
[Result "1-0"]
[WhiteElo "2026"]
[BlackElo "2154"]

1.e4 e6 2.d4 d5 3.Nd2 Nc6 4.c3 dxe4 5.Nxe4 Qd5 6.Qf3 e5 7.Ng5 Qxf3 8.N1xf3 exd4
9.Bc4 Nh6 10.Nxd4 Nxd4 11.cxd4 Be7 12.O-O O-O 13.Bf4 Nf5 14.Rad1 Nd6 15.Bb3 h6
16.Nf3 Bg4 17.Rd3 Rad8 18.Re1 Bf6 19.Be5 Rfe8 20.h3 Be6 21.Bxf6 gxf6 22.Kf1 Bxb3
23.Rxb3 c6 24.Rbe3 Kf8 25.Rxe8+ Rxe8 26.Rxe8+ Kxe8 27.Ke2 Ke7 28.Kd3 Ke6
29.Nd2 f5 30.Nc4 Kd5 31.Nxd6 Kxd6 32.Ke3 a5 33.Kf4 Ke6 34.f3 b5 35.g4 fxg4
36.fxg4 Kd5 37.h4 Ke6 38.g5 h5 39.Ke4 Kd6 40.Kf5 Ke7 41.Ke5 Kd7 42.Kf6 Ke8
43.g6 Kf8 44.gxf7 a4 45.a3 b4 46.axb4 c5 47.b5  1-0

[Event "TCh-AUT 2nd Bundesliga Ost 2008-9"]
[Site "Austria AUT"]
[Date "2008.11.22"]
[Round "4"]
[White "Schmid,T1"]
[Black "Weinzettl,E"]
[Result "0-1"]
[WhiteElo "2172"]
[BlackElo "2249"]

1.e4 e6 2.d4 d5 3.Nd2 Be7 4.Bd3 c5 5.dxc5 Nf6 6.Qe2 O-O 7.Ngf3 a5 8.O-O a4
9.c3 Nbd7 10.e5 Nh5 11.Bc2 Nf4 12.Qe3 Ng6 13.Bxg6 hxg6 14.Nd4 Nxc5 15.f4 Qb6
16.Rb1 Bd7 17.Rf3 Bb5 18.Nxb5 Qxb5 19.Kh1 Rfd8 20.Nf1 Qc4 21.Ra1 d4 22.cxd4 Rxd4
23.Bd2 Qd5 24.Qe2 Rd8 25.Be3 Rd1 26.Rxd1 Qxd1 27.Qc4 Qd3 28.Qxd3 Nxd3 29.b3 a3
30.Kg1 Rc8  0-1

[Event "38th Olympiad"]
[Site "Dresden GER"]
[Date "2008.11.22"]
[Round "9"]
[White "Efimenko,Z"]
[Black "Morozevich,A"]
[Result "1-0"]
[WhiteElo "2680"]
[BlackElo "2787"]

1.e4 e6 2.d4 d5 3.Nd2 Be7 4.Bd3 c5 5.dxc5 Nf6 6.Qe2 Nc6 7.Ngf3 Bxc5 8.O-O Qc7
9.c4 dxc4 10.Bxc4 Ng4 11.h3 h5 12.b4 Bd4 13.Rb1 Bd7 14.b5 Ne7 15.e5 Bb6 16.Ba3 Nf5
17.Ne4 f6 18.Nd6+ Nxd6 19.exd6 Qd8 20.Bxe6 Kf8 21.Bxd7 Qxd7 22.Qe7+ Qxe7
23.dxe7+ Kf7 24.hxg4 hxg4 25.Nd2 g3 26.Nc4 Rh5 27.Nxb6 axb6 28.Rb3 gxf2+
29.Kxf2 Rd5 30.Re1 Ke8 31.Rc3 Kf7  1-0

[Event "38th Olympiad w"]
[Site "Dresden GER"]
[Date "2008.11.22"]
[Round "9"]
[White "Munoz,Ca"]
[Black "Vargas,Ga"]
[Result "0-1"]
[WhiteElo "2026"]
[BlackElo "2055"]

1.e4 e6 2.d4 d5 3.Nd2 Nc6 4.Bb5 Nf6 5.e5 Nd7 6.c3 f6 7.exf6 Qxf6 8.Ndf3 Bd6
9.Ne2 O-O 10.O-O e5 11.dxe5 Ndxe5 12.Qxd5+ Be6 13.Qe4 Nxf3+ 14.gxf3 Rae8
15.Bd3 g6 16.Bh6 Bh3 17.Qd5+ Rf7 18.Bg5 Qxf3 19.Qxf3 Rxf3 20.Bc4+ Kg7 21.Rfd1 Re4
22.Bd5 Rg4+ 23.Ng3 Rfxg3+ 24.fxg3 Rxg5 25.b4 h5 26.Bxc6 bxc6 27.Rd3 a5 28.a3 axb4
29.axb4 Rf5 30.Rdd1 Rf3 31.Rac1 h4 32.gxh4 Bf4 33.Rc2 Be3+ 34.Kh1 Kf6 35.Rg2 Bxg2+
36.Kxg2 Rf2+ 37.Kg3 Rd2 38.Rf1+ Kg7 39.Rf3 Bh6 40.h3 Re2 41.h5 Re3 42.Rxe3 Bxe3
43.hxg6 Bd2 44.c4 Bxb4 45.Kg4 Kxg6 46.h4 Bd6 47.h5+ Kh6 48.Kh4 Bf4 49.Kg4 Bg5
50.Kf5 Kxh5 51.Ke6 Bf4 52.c5 Kg5 53.Kd7 Kf5 54.Kxc6 Ke5  0-1

[Event "38th Olympiad"]
[Site "Dresden GER"]
[Date "2008.11.22"]
[Round "9"]
[White "Berlinsky,V"]
[Black "Hussein,HA"]
[Result "0-1"]
[WhiteElo "2325"]
[BlackElo "2354"]

1.e4 e6 2.d4 d5 3.Nd2 a6 4.Ngf3 c5 5.dxc5 Bxc5 6.Nb3 Ba7 7.exd5 exd5 8.Bg5 Ne7
9.Bd3 Nbc6 10.c3 h6 11.Bf4 O-O 12.O-O Ng6 13.Bg3 Bg4 14.h3 Bh5 15.Be2 Re8
16.Re1 Rc8 17.Qd3 Nge7 18.Nfd4 Bg6 19.Qd2 Nxd4 20.Nxd4 Bxd4 21.Qxd4 Nf5 22.Qd2 Nxg3
23.fxg3 Qb6+ 24.Qd4 Qxb2 25.Bf3 Be4 26.Bxe4 dxe4 27.Rab1 Qxc3 28.Qxc3 Rxc3
29.Rxb7 Rxg3 30.a4 Ra3 31.Rf1 Rf8 32.Rb4 f5 33.Kh2 Rf6 34.Rc1 h5 35.h4 Ra2
36.Rc3 f4 37.Rxe4 f3 38.a5 f2  0-1

[Event "38th Olympiad w"]
[Site "Dresden GER"]
[Date "2008.11.25"]
[Round "11"]
[White "Bhatia,K"]
[Black "Vahtra,T"]
[Result "0-1"]
[WhiteElo "2065"]
[BlackElo "1961"]

1.e4 e6 2.d4 d5 3.Nd2 Be7 4.e5 c5 5.Qg4 g6 6.dxc5 Nc6 7.Ngf3 h5 8.Qf4 g5
9.Qe3 Nh6 10.Bb5 Nf5 11.Qe2 g4 12.Ng1 Nd4 13.Bxc6+ bxc6 14.Qd3 Bxc5 15.c3 Nf5
16.Nb3 Bb6 17.h3 g3 18.fxg3 c5 19.c4 Ba6 20.Nd2 dxc4 21.Qxd8+ Rxd8 22.Ne2 Ba5
23.Nc3 Nxg3 24.Rg1 Rd3 25.Kf2 Bxc3 26.bxc3 Rxc3 27.Re1 Rg8 28.Nf3 Rc2+ 29.Kg1 Nf5
30.Bg5 Nd4 31.h4 Kd7 32.Red1 Bb7 33.Nxd4 cxd4 34.Rxd4+ Bd5 35.a3 Rxg2+ 36.Kf1 Rh2
37.Rad1 Rb8 38.Rf4 Rbb2 39.Ke1 Rbe2+ 40.Kf1 Rxe5 41.Rdd4 Rh1+ 42.Kf2 f5 43.Bf6 Ree1
44.Rxc4 Rhf1+ 45.Kg3 Re3+  0-1

[Event "38th Olympiad"]
[Site "Dresden GER"]
[Date "2008.11.25"]
[Round "11"]
[White "Mas,H"]
[Black "Juarez Flores,C"]
[Result "1-0"]
[WhiteElo "2439"]
[BlackElo "2358"]

1.e4 e6 2.d4 d5 3.Nd2 Nc6 4.Ngf3 Nf6 5.e5 Nd7 6.c3 f6 7.Bb5 fxe5 8.dxe5 a6
9.Bxc6 bxc6 10.O-O Be7 11.Qa4 Nc5 12.Qd4 O-O 13.b4 Nd7 14.Nb3 Nb6 15.Na5 Bd7
16.Qg4 Qe8 17.Be3 Na4 18.Rac1 c5 19.a3 c4 20.Rc2 c5 21.Nb7 cxb4 22.axb4 Qb8
23.Na5 Nxc3 24.Nc6 Bxc6 25.Qxe6+ Kh8 26.Qxe7 Nb5 27.Bc5 Re8 28.Qg5 Re6 29.Qf5 Rg6
30.Ng5 c3 31.Rd1 Qe8 32.Re2 Kg8 33.f4 Rd8 34.e6 h6 35.Qf7+ Kh8 36.Qxe8+ Rxe8
37.Nf7+ Kg8 38.f5 Rf6 39.Ne5 Bb7 40.g4 h5 41.Nd7 d4 42.Nxf6+ gxf6 43.g5 c2
44.Rxc2 fxg5 45.Rf2 Bc8 46.Re1 d3 47.f6  1-0

[Event "Mediterranean Open"]
[Site "Rijeka CRO"]
[Date "2008.11.30"]
[Round "2"]
[White "Cucancic,S"]
[Black "Berescu,A"]
[Result "0-1"]
[WhiteElo "2257"]
[BlackElo "2505"]

1.e4 e6 2.d4 d5 3.Nd2 Be7 4.Ngf3 Nf6 5.Bd3 c5 6.c3 Nc6 7.O-O dxe4 8.Nxe4 cxd4
9.cxd4 O-O 10.Bb1 Qb6 11.b3 Rd8 12.Bb2 Bd7 13.Qe2 Be8 14.Ned2 Rac8 15.Nc4 Qc7
16.a3 Na5 17.Ba2 b5 18.Nxa5 Qxa5 19.b4 Qb6 20.Ne5 a5 21.Nd3 Nd5 22.Qd2 axb4
23.axb4 Bf6 24.Nc5 Bc6 25.Bb1 Qb8 26.Ra3 Nf4 27.Rg3 g6 28.Qe3 Bxd4 29.Bxd4 Rxd4
30.Nd3 Re4  0-1

[Event "77th ch-UKR"]
[Site "Poltava UKR"]
[Date "2008.12.02"]
[Round "1"]
[White "Kryvoruchko,Y"]
[Black "Zubarev,Al1"]
[Result "1/2-1/2"]
[WhiteElo "2627"]
[BlackElo "2546"]

1.e4 e6 2.d4 d5 3.Nd2 a6 4.Ngf3 c5 5.exd5 exd5 6.Be2 c4 7.O-O Bd6 8.Re1 Ne7
9.Nf1 Nbc6 10.b3 b5 11.a4 Rb8 12.c3 O-O 13.Ne3 Na5 14.Nd2 Qc7 15.axb5 Bxh2+
16.Kh1 axb5 17.Rxa5 Qxa5 18.Kxh2 Qxc3 19.Nb1 Qa5 20.Bd2 Qc7+ 21.g3 b4 22.bxc4 dxc4
23.Bxc4 Nf5 24.Bd3 Nxe3 25.Bxe3 Bb7 26.Bf4 Qb6 27.Qh5 g6 28.Qc5 Qxc5 29.dxc5 Rbd8
30.Bd6 Rfe8 31.Rc1 Re6 32.Bf1 Rexd6 33.cxd6 Rxd6 34.Bg2 Ba6 35.Rc2 b3 36.Rb2 Bc4
37.Nd2 Be6 38.Be4 Rd4 39.Kg2 f5 40.Bb1 Bd5+ 41.Kf1 f4 42.gxf4 Rxf4 43.Ke2 Rb4
44.Ke3 Kg7 45.Be4 Bf7 46.Kd3 Kf6 47.Kc3 Rb8 48.Bd3 Ke5 49.Rb1 Rc8+ 50.Kb2 Kd4
51.Be4 Bd5 52.Re1 Bxe4 53.Nxe4 Rf8 54.Re2 Rf3 55.Ng5 Kd3 56.Re6 Rxf2+ 57.Kxb3 Rh2
58.Re7 h6 59.Nf3 Rh3 60.Ne5+ Kd4+ 61.Kc2 g5 62.Kd2 h5 63.Ng6 Rh2+ 64.Ke1 h4
65.Kf1 Rc2 66.Kg1 h3 67.Rh7  1/2-1/2

[Event "Mediterranean Open"]
[Site "Rijeka CRO"]
[Date "2008.12.02"]
[Round "5"]
[White "Segovic,G"]
[Black "Bukal,V jr"]
[Result "0-1"]
[WhiteElo "2177"]
[BlackElo "2394"]

1.e4 e6 2.d4 d5 3.Nd2 Be7 4.Ngf3 Nf6 5.Bd3 c5 6.exd5 Nxd5 7.dxc5 Bxc5 8.Ne4 Be7
9.O-O O-O 10.a3 Qc7 11.c4 Nf4 12.Bb1 f5 13.Nc3 Bf6 14.Qb3 Na6 15.Rd1 b6 16.Nd4 Nc5
17.Qc2 Bb7 18.f3 Rfd8 19.Be3 a5 20.b3 Be5 21.Ba2 Qe7 22.Kh1 Nh5 23.Bf2 Qf6
24.Nce2 Qh6 25.h3 Nf6 26.Qd2 g5 27.Kg1 Qg7 28.Qe3 Nfe4 29.fxe4 f4 30.Qc1 g4
31.Nxf4 gxh3 32.g3 Rxd4 33.Rxd4 Bxd4 34.Bxd4 Qxd4+ 35.Kh2 Nxe4 36.Qc2  0-1

[Event "Mediterranean Open"]
[Site "Rijeka CRO"]
[Date "2008.12.05"]
[Round "8"]
[White "Georgiadis,I"]
[Black "Kovacevic,Bl"]
[Result "1-0"]
[WhiteElo "2364"]
[BlackElo "2472"]

1.e4 e6 2.d4 d5 3.Nd2 Be7 4.Bd3 c5 5.dxc5 Nf6 6.Qe2 O-O 7.Ngf3 a5 8.c3 Na6
9.e5 Nd7 10.Nb3 Naxc5 11.Nxc5 Nxc5 12.Bc2 b6 13.Bf4 Ba6 14.Qe3 f5 15.exf6 Bxf6
16.O-O-O Rc8 17.Rhe1 Qe7 18.Nd4 Rfe8 19.Be5 b5 20.Kb1 b4 21.cxb4 axb4 22.f4 g6
23.g3 Bc4 24.b3 Ba6 25.h4 Nd7 26.Bxf6 Qxf6 27.Qd2 Rc3 28.Re3 Rxe3 29.Qxe3 e5
30.fxe5 Rxe5 31.Qf4 Bb7 32.Rc1 Re7 33.Bd3 Kg7 34.Rc7 Ne5 35.Rxe7+ Qxe7 36.Bb5 Bc8
37.Kb2 Bd7 38.Be2 Nc6 39.Bb5 Ne5 40.Qg5 Qxg5 41.hxg5 Bxb5 42.Nxb5 Kf7 43.Nc7 d4
44.Kc2 Nf3 45.Kd3 Nxg5 46.Nd5 Ne6 47.Nxb4 h5 48.Nc6 g5 49.Nxd4 Nc5+ 50.Ke3 h4
51.gxh4 gxh4 52.Nf3 Ke6 53.Kd4 Kd6 54.Nxh4 Kc6 55.Kc4 Ne4 56.Nf5 Kb6 57.b4 Nd2+
58.Kd3 Nf3 59.a4 Ne5+ 60.Kc3 Kc6 61.Ne3 Nf3 62.Nc4 Kd5 63.a5 Kc6 64.a6 Ng5
65.b5+ Kc7 66.b6+ Kc6 67.a7 Kb7 68.Nd6+ Ka8 69.Nb5 Ne4+ 70.Kd4  1-0

[Event "Mediterranean Open"]
[Site "Rijeka CRO"]
[Date "2008.12.05"]
[Round "8"]
[White "Cucancic,S"]
[Black "Tomic,Bor"]
[Result "1/2-1/2"]
[WhiteElo "2257"]
[BlackElo "2092"]

1.e4 e6 2.d4 d5 3.Nd2 Nc6 4.Ngf3 Nf6 5.e5 Ne4 6.Bd3 f5 7.exf6 Nxf6 8.O-O Bd6
9.c4 O-O 10.c5 Bf4 11.Nb3 e5 12.dxe5 Bxe5 13.h3 Ne4 14.Nxe5 Nxe5 15.Bxe4 dxe4
16.Qxd8 Rxd8 17.Bf4 Re8 18.Bxe5 Rxe5 19.Rfe1 Be6 20.Nd4 Bd5 21.f4 Re7 22.Nf5 Rf7
23.Ne3 Bc6 24.g3 a5 25.Red1 a4 26.b4 axb3 27.axb3 Rxa1 28.Rxa1 Rd7 29.Rd1 Kf7
30.Rxd7+ Bxd7 31.Kf2 Bxh3 32.g4 h5 33.gxh5 Be6 34.b4 Kf6 35.Kg3 b6 36.cxb6 cxb6
37.Kh4 Bb3 38.Kg4 Be6+ 39.f5 Bf7 40.Kf4 Bxh5 41.Nd5+ Kf7 42.Nxb6 g6 43.Kxe4 gxf5+
44.Kxf5 Ke7 45.Ke5 Bf3 46.Nc4 Kd7 47.Kd4 Be2 48.Kc5 Bxc4 49.Kxc4  1/2-1/2

[Event "58th ch-GRE"]
[Site "Rhodes GRE"]
[Date "2008.12.06"]
[Round "7"]
[White "Kotronias,V"]
[Black "Banikas,H"]
[Result "0-1"]
[WhiteElo "2587"]
[BlackElo "2572"]

1.e4 e6 2.d4 d5 3.Nd2 Be7 4.Bd3 c5 5.dxc5 Nf6 6.Qe2 Nc6 7.Ngf3 Bxc5 8.O-O Qc7
9.a3 O-O 10.e5 Nd7 11.Nb3 Bb6 12.Re1 f6 13.exf6 Nxf6 14.Be3 e5 15.Bxb6 Qxb6
16.Bb5 e4 17.Nfd2 Ng4 18.Rf1 Nce5 19.h3 Nh6 20.c4 a6 21.Ba4 Nf3+ 22.Nxf3 exf3
23.Qd3 dxc4 24.Qxc4+ Kh8 25.Qc5 Qf6 26.Nd2 Bxh3 27.Ne4 Qh4  0-1

[Event "TCh-BEL 2008-9"]
[Site "Belgium BEL"]
[Date "2008.12.07"]
[Round "5"]
[White "Jens,J"]
[Black "Polaczek,R"]
[Result "1/2-1/2"]
[WhiteElo "2379"]
[BlackElo "2419"]

1.e4 e6 2.d4 d5 3.Nd2 Nc6 4.Ngf3 Nf6 5.e5 Nd7 6.Nb3 a5 7.a4 b6 8.Bb5 Ncb8
9.Bf4 Be7 10.h4 c6 11.Be2 Ba6 12.Bxa6 Nxa6 13.Rh3 h6 14.h5 Qc7 15.Rg3 Bf8
16.Qe2 c5 17.c4 Nb4 18.dxc5 dxc4 19.Qxc4 Nxc5 20.Kf1 Nd5 21.Bd2 Rc8 22.Rc1 Qd7
23.Nbd4 Ne7  1/2-1/2

[Event "TCh-BEL 2008-9"]
[Site "Belgium BEL"]
[Date "2008.12.07"]
[Round "5"]
[White "Geenen,M"]
[Black "Hovhanisian,M"]
[Result "1/2-1/2"]
[WhiteElo "2316"]
[BlackElo "2460"]

1.e4 e6 2.d4 d5 3.Nd2 a6 4.Bd3 c5 5.dxc5 Bxc5 6.Ngf3 Nf6 7.O-O Nc6 8.a3 O-O
9.b4 Be7 10.e5 Nd7 11.Bb2 f6 12.exf6 Bxf6 13.Bxf6 Qxf6 14.c4 Nde5 15.Qb3 Kh8
16.Nxe5 Nxe5 17.Be2 Ng6 18.Bf3 Nh4 19.cxd5 exd5 20.Bxd5 Qg5 21.f4 Qg6 22.Rae1 Bf5
23.Nc4 Bc2 24.Qg3 Qf6 25.Qe3  1/2-1/2

[Event "TCh-SLO"]
[Site "Murska Sobota SLO"]
[Date "2008.12.09"]
[Round "4"]
[White "Solak,D"]
[Black "Kovacevic,Bl"]
[Result "1/2-1/2"]
[WhiteElo "2595"]
[BlackElo "2472"]

1.e4 e6 2.d4 d5 3.Nd2 Be7 4.Ngf3 Nf6 5.Bd3 c5 6.dxc5 dxe4 7.Nxe4 Nxe4 8.Bxe4 Qxd1+
9.Kxd1 Bxc5 10.Ke2 Nd7 11.c4 Nf6 12.Bc2 b6 13.Be3 Bxe3 14.Kxe3 Bb7 15.b3  1/2-1/2

[Event "III Open"]
[Site "Palma de Mallorca ESP"]
[Date "2008.12.10"]
[Round "5"]
[White "Munar Mut,A"]
[Black "Ibanez Aullana,J"]
[Result "0-1"]
[WhiteElo "2065"]
[BlackElo "2308"]

1.e4 e6 2.d4 d5 3.Nd2 Nc6 4.c3 e5 5.exd5 Qxd5 6.Qf3 Qxf3 7.Ngxf3 exd4 8.cxd4 Nb4
9.Kd1 Bf5 10.Bb5+ c6 11.Re1+ Ne7 12.Ba4 Nd3 13.Re2 Nf4 14.Nc4 Nxe2 15.Nd6+ Kd7
16.Nxf7 Nxc1 17.N3e5+ Kc7 18.Rxc1 Rg8 19.Bb3 Ng6 20.g4 Bd7 21.Nxd7 Kxd7 22.f4 Bd6
23.f5 Nf4 24.Ne5+ Bxe5 25.dxe5 Rge8 26.e6+ Ke7 27.Kc2 Rad8 28.Kb1 Rd4 29.Rf1 Nd5
30.h3 Rd8 31.g5 Rf4  0-1

[Event "Bundesliga 2008-9"]
[Site "Katernberg GER"]
[Date "2008.12.13"]
[Round "8"]
[White "Heinemann,T"]
[Black "Berelowitsch,A"]
[Result "1/2-1/2"]
[WhiteElo "2490"]
[BlackElo "2576"]

1.e4 e6 2.d4 d5 3.Nd2 Be7 4.Bd3 c5 5.dxc5 Nf6 6.exd5 Qxd5 7.Ngf3 Nbd7 8.Nb3 Nxc5
9.Nxc5 Qxc5 10.O-O O-O 11.Qe2 b6 12.Be3 Qh5 13.Bd4 Bb7 14.Ne5 Rfd8 15.c3 Qxe2
16.Bxe2 Ne8 17.f4 Nd6 18.Rfd1 Rac8 19.Bf3 Bxf3 20.Nxf3 Nc4 21.Rab1 Rd5 22.Kf2 Ra5
23.a3 Rd5 24.Nd2 Nd6 25.Ke2 f6 26.g3 Kf7 27.a4 Rh5 28.Nf3 Ra5 29.Ra1 Rc7
30.Bf2 Rc4 31.Rd4 b5 32.Rxc4 Nxc4 33.b3 Nb6 34.Bxb6 axb6 35.Nd4 bxa4 36.Rxa4 Rxa4
37.bxa4 Bc5 38.Nb3 Bd6 39.a5 bxa5 40.Nxa5 h5 41.Kf3 Ke7  1/2-1/2

[Event "III Open"]
[Site "Palma de Mallorca ESP"]
[Date "2008.12.13"]
[Round "8"]
[White "Tallo Dominguez,I"]
[Black "Valmana Canto,J"]
[Result "1/2-1/2"]
[WhiteElo "2125"]
[BlackElo "2343"]

1.e4 e6 2.d4 d5 3.Nd2 Nc6 4.c3 e5 5.exd5 Qxd5 6.Ngf3 exd4 7.Bc4 Qd8 8.O-O Be7
9.Qb3 Nh6 10.Ne4 Na5 11.Qa4+ c6 12.Bxh6 gxh6 13.Bd3 Rg8 14.Rfe1 Kf8 15.b4 f5
16.Ng3 f4 17.bxa5 fxg3 18.hxg3 Bf6 19.Qa3+ Kg7 20.Nxd4 Re8 21.Bc4 Bg4 22.Be6 Bh5
23.Qc5 Bg6 24.Rad1 Qe7 25.Nf5+ Bxf5 26.Qxf5 Rad8 27.Rxd8 Qxd8 28.Qg4+ Kh8
29.Rd1 Qxa5 30.Rd7 Qxc3 31.Qe4 Bg7 32.Rxb7 a5 33.Kh2 c5 34.Qg4 Qf6 35.Bb3 Qe5
36.Rd7 h5 37.Qf4 Qxf4 38.gxf4 Bf6 39.Rd5 Bd4 40.Rxh5 Bxf2 41.Re5 Rxe5 42.fxe5 Kg7
43.g3 Bd4 44.e6  1/2-1/2

[Event "Bundesliga 2008-9"]
[Site "Wattenscheid GER"]
[Date "2008.12.13"]
[Round "8"]
[White "Degraeve,JM"]
[Black "Bartel,Mat"]
[Result "0-1"]
[WhiteElo "2544"]
[BlackElo "2602"]

1.e4 e6 2.d4 d5 3.Nd2 Be7 4.Ngf3 Nf6 5.Bd3 c5 6.e5 Nfd7 7.c3 Nc6 8.O-O g5
9.dxc5 Ndxe5 10.Nxe5 Nxe5 11.Nb3 Qc7 12.f4 Bxc5+ 13.Nxc5 Qxc5+ 14.Kh1 Nxd3
15.Qxd3 Bd7 16.Be3 Bb5 17.Qd2 Qe7 18.Rf2 gxf4 19.Bxf4 f6 20.Re1 O-O-O 21.Qe3 e5
22.Qxa7 Bc6 23.b4 Qe6 24.Bg3 Rhf8 25.Qc5 Qd6 26.Qxd6 Rxd6 27.Rxe5 Rd7 28.Re6 d4
29.c4 d3 30.Rd2 Rd4 31.b5 Be4 32.c5 f5 33.Bf4 Bd5 34.Be3 Rc4 35.Re5 Rc1+
36.Bg1 Be4 37.h3 Rg8 38.Kh2 Rc2  0-1

[Event "III Open"]
[Site "Palma de Mallorca ESP"]
[Date "2008.12.14"]
[Round "9"]
[White "Durarbeyli,V"]
[Black "Rhein,K"]
[Result "1-0"]
[WhiteElo "2434"]
[BlackElo "2164"]

1.e4 e6 2.d4 d5 3.Nd2 Nc6 4.Ngf3 Nf6 5.e5 Nd7 6.c3 f6 7.exf6 Qxf6 8.Bb5 e5
9.Bxc6 bxc6 10.Nxe5 Nxe5 11.Qe2 Bd6 12.Nf3 Bg4 13.dxe5 Bxf3 14.exf6+ Bxe2
15.fxg7 Rg8 16.Kxe2 Rxg7 17.g3 Rb8 18.b3 a5 19.Kd3 c5 20.Re1+ Kd7 21.Bd2 a4
22.Kc2 axb3+ 23.axb3 h5 24.Ra4 Rf7 25.Be3 Rf3 26.Rd1 Kc6 27.Ra6+ Rb6 28.Ra8 h4
29.Rg8 hxg3 30.hxg3 Ra6 31.Kb2 Ra5 32.Rg5 Rb5 33.Rdxd5 Bxg3 34.Rxg3 Rxg3
35.fxg3  1-0